| 000 | 00424nam a2200169Ia 4500 | ||
|---|---|---|---|
| 008 | 230718s9999 xx 000 0 und d | ||
| 041 | _aeng | ||
| 082 |
_a658 _bROB |
||
| 100 | _aRobbins S.P. | ||
| 245 | _aFundamentals Of Managaement | ||
| 250 | _a3rd | ||
| 260 |
_c2001 _bPearson |
||
| 300 | _a528 | ||
| 365 |
_cRs. _b250.00 |
||
| 700 |
_aRobbins S.P. & DeCenzo D.A. _9110169 |
||
| 906 |
_dB:53803-Nov-2001 _cINST _b37.5 |
||
| 999 |
_c302513 _d302513 |
||